Detalles MARC
| 000 -LÍDER |
| Campo fijo de descripción fija |
01434aam a2200289 4500 |
| 001 - NÚMERO DE CONTROL |
| Campo de control |
19383 |
| 003 - IDENTIFICADOR DEL NÚMERO DE CONTROL |
| Campo de control |
CO-MdFUSB |
| 005 - FECHA Y HORA DE LA ULTIMA TRANSACCIÓN |
| control field |
20180622072739.0 |
| 008 - ELEMENTOS DE LONGITUD FIJA -- INFORMACIÓN GENERAL |
| Campo fijo de descripción fija -- Información general |
170303t1912 enk||||f |||| 00| 0 eng d |
| 040 ## - FUENTE DE CATALOGACIÓN |
| Agencia de catalogación original |
CO-MdFUSB |
| Idioma de catalogación |
spa |
| Agencia que realiza la transcripción |
CO-MdFUSB |
| Agencia que realiza la modificación |
CO-MdFUSB |
| Convenciones de la descripción |
rda |
| 041 ## - CÓDIGO DE IDIOMA |
| Código de idioma para texto/pista de sonido o título separado |
eng |
| 082 ## - NÚMERO DE CLASIFICACIÓN DECIMAL DEWEY |
| Número de la edición del Dewey |
24 |
| Número de clasificación |
G 220.601 |
| Clave de autor-Numero de item |
H217p |
| 100 1# - ASIENTO PRINCIPAL--NOMBRE PERSONAL |
| Nombre personal |
Hamilton, H. F. |
| Término relacionador |
autor |
| 245 14 - TÍTULO |
| Título del Material |
The people of God |
| Parte restante del título - Subtitulo |
: An inquiry into Christian origins |
| Mención de responsabilidad, etc. |
/ H. F. Hamilton |
| 264 #1 - PRODUCCIÓN, PUBLICACIÓN, DISTRIBUCIÓN, MANUFACTURA, Y COPYRIGHT |
| Lugar de producción, publicación, distribución, manufactura |
Oxford, England : |
| Nombre del productor, publicador, distribuidor |
Oxford University Press, |
| Fecha de producción, publicación, distribución, manufactura, o copyright |
℗[1912] |
| 300 ## - DESCRIPCIÓN FÍSICA |
| Extensión |
2 volúmenes (xxxix, 261 ; xvi, 252 páginas) |
| 336 ## - TIPO DE CONTENIDO |
| Fuente |
rdacontent |
| Término de tipo de contenido |
|
| Código de tipo de contenido |
|
| 337 ## - TIPO DE MEDIO |
| Fuente |
rdamedia |
| Nombre del tipo de medio |
|
| Código del tipo de medio |
|
| 338 ## - TIPO DE SOPORTE |
| Fuente |
rdacarrier |
| Nombre del tipo de soporte |
|
| Código Tipo de soporte |
|
| 501 ## - NOTA DE “CON” |
| Nota de Contenido |
Incluye índices (Vol. 2, p. 237-252) |
| 505 00 - NOTA DE CONTENIDO |
| Nota de contenido con formato preestablecido |
Volumen 1: Israel - Jehová, la deidad semítica característica- Jehová, el único Dios - Jehová, el Dios justo - La fuente de mono-yahvismo - El valor de la religión judía - La esperanza mesiánica - Jesús y la relilgión de los judíos |
| 505 00 - NOTA DE CONTENIDO |
| Nota de contenido con formato preestablecido |
Volumen 2: The church - Los apóstolos y la religión de los judíos - El nuevo Israel - Los creyentes gentiles y la ley - El puesto de los apóstoles - La iglesia primitiva en Jerusalén - Las iglesias paulinas - Presbíteros y apóstoles - El episcopado - Los prolegómenos - Unidad - Organización - Las funciones orgánicas de la iglesia |
| 540 ## - NOTA DE CONDICIONES DE USO Y REPRODUCCION |
| Términos que regulan el uso y reproducción |
Pasta dura |
| 650 #7 - ASIENTO SECUNDARIO DE MATERIA - TERMINO TEMÁTICO |
| 9 (RLIN) |
655 |
| Término temático o nombre geográfico como elemento de entrada |
Iglesia |
| 942 ## - TIPO DE MATERIAL (KOHA) |
| Tipo de Item KOHA |
Libros General |